000 00448nam a22001697a 4500
005 20260311181416.0
008 260311b |||||||| |||| 00| 0 eng d
020 _a978-93-7225-801-1
041 _aeng
082 _a305.800 954 ROY-K
100 _aROY, SARAT CHANDRA & ROY, RAMESH C
_98908
245 _aTHE KHARIAS
260 _aNEW DELHI
_bGYAN PUBLISHING HOUSE
300 _a306;P
650 _aBHARTIYA GYAN PARAMPARA
_98906
942 _cBK
999 _c9100
_d9098